[Event "Moscow Aeroflot op-A"]
[Site "Moscow"]
[Date "2005.02.20"]
[Round "6"]
[White "Wang, Yue"]
[Black "Ponomariov, Ruslan"]
[Result "1-0"]
[WhiteElo "2549"]
[BlackElo "2700"]
[Annotator "Postny,E"]
[PlyCount "81"]
[EventDate "2005.02.15"]
[EventType "swiss"]
[EventRounds "9"]
[EventCountry "RUS"]
[SourceTitle "CBM 106"]
[Source "ChessBase"]
[SourceDate "2005.06.06"]
[SourceVersion "1"]
[SourceVersionDate "2005.06.06"]
[SourceQuality "1"]

1. d4 g6 2. c4 Bg7 3. e4 c5 4. d5 d6 5. Nc3 e6 6. Nf3 Ne7 {The usual
developing square for this knight is f6, but Ponomariov choose a less used
continuation.} 7. h3 ({Other way of development goes with} 7. Be2) 7... O-O 8.
Bd3 Nd7 (8... exd5 9. cxd5 Nd7 10. O-O Ne5 11. Nxe5 Bxe5 12. Bh6 Bg7 13. Qd2
Bd7 14. Bxg7 Kxg7 15. f4 Qa5 16. e5 dxe5 17. fxe5 Nxd5 18. Bc4 Nb6 19. Bxf7 $1
Rxf7 20. Rxf7+ Kxf7 21. Qh6 Bf5 22. Qxh7+ Ke8 23. e6 {1-0 Psakhis,L-Saravanan,
V/Andorra 2000/CBM 076 ext [Psakhis] (23)}) (8... a6 9. a4 exd5 10. exd5 h6 11.
O-O Bf5 12. Re1 Bxd3 13. Qxd3 Nd7 14. Bf4 Nf6 15. Rab1 $14 {1-0 Ibragimov,
I-Saravanan,V/Guntur 2000/CBM 077 [Finkel] (39)}) 9. Bg5 {Probably, not the
best move in this position.} (9. O-O h6 (9... a6 10. a4 h6 11. Ra3 Kh7 12. Bb1
exd5 13. cxd5 Ng8 14. Bf4 Qe7 15. Re1 Ne5 16. Nxe5 Bxe5 17. Bxe5 Qxe5 18. a5
$14 {1-0 Krasenkow,M-Minasian,A/Batumi 2002/CBM 090 [Tsesarsky] (42)}) 10. Nb5
Nb6 11. a4 a6 12. Nc3 exd5 13. exd5 Nd7 14. Bf4 Nf6 15. Re1 Nf5 16. Bh2 $14 {
1/2-1/2 Izoria,Z-Milov,V/Antalya 2004/CBM 101 (42)}) 9... h6 10. Be3 exd5 11.
exd5 {White got a space advantage, but black has reasonable counterplay on the
dark squares.} f5 12. Qc2 Nf6 $146 ({An interesting pawn sacrifice was applied
twice by Minasian:} 12... a6 13. O-O-O b5 14. cxb5 axb5 15. Bxb5 f4 16. Bd2 Nb6
(16... Ne5 $6 17. Nxe5 Bxe5 18. g4 Qb6 19. Rhe1 {1-0 Campos Moreno,J-Minasian,
A/Linares 2000/CBM 075 [Alterman,B] (32)}) 17. Bd3 (17. Rhe1 $1 {Alterman})
17... c4 18. Be4 Bd7 19. Rde1 Na4 20. Nh4 Nc5 21. Nxg6 Nxg6 22. Bxg6 Qf6 23.
Bh7+ Kh8 $40 {0-1 Halkias,S-Minasian,A/Ubeda 2000/CBM 075 [Alterman,B] (43)})
13. O-O g5 $1 {This is a typical plan in this opening. Black is starting an
assault against the white king, even at a price of some weakening of his own.}
14. Rae1 Kh8 15. Bd2 Bd7 16. b3 Nh5 17. a4 Ng6 ({It was possible to cover the
b5 square by} 17... a6) 18. Nb5 {[%csl Rd6]} Bc8 19. Bc3 {Correctly exchanging
black's strong bishop.} a6 20. Bxg7+ Kxg7 21. Nc3 Nhf4 22. Ne2 Qf6 (22... g4 $6
23. hxg4 fxg4 24. Nd2 Nxd3 25. Qxd3 Bf5 26. Qc3+ $14) 23. Nxf4 Nxf4 24. Re3 Bd7
25. Rfe1 Rf7 26. Bf1 g4 {The right time for this breakthrow.} 27. hxg4 fxg4 28.
Nd2 Raf8 $2 {This natural-looking move is the critical moment of the game.
Black, certainly overrated his chances.} (28... Nxg2 29. Bxg2 Qxf2+ 30. Kh1 (
30. Kh2 $2 Rf5 31. Qc3+ Kg8 32. Ne4 Rh5+ 33. Rh3 Rxh3+ 34. Qxh3 Qxe1 35. Qxh6
g3+ 36. Nxg3 Qe5 $17 {[%cal Ge5h8]}) 30... Qh4+ 31. Kg1 Qf2+ $11) ({The same
perpetual after} 28... Nxd5 29. cxd5 Qxf2+ 30. Kh1 Qh4+ 31. Kg1 Qf2+) 29. Ne4
Qg6 30. b4 $1 {Emphasizing the weaknesses on the queenside. Black missed his
chance for a perpetual check, and is not able to create serious threats
anymore.} Bf5 (30... cxb4 31. Qb2+ Kg8 32. Qxb4 {[%csl Rd6]}) (30... Kg8 31.
bxc5 dxc5 32. Qb3 $16) 31. bxc5 Bxe4 32. Qxe4 dxc5 33. g3 Qxe4 $6 (33... Nh5
34. Qxg6+ Kxg6 35. Bd3+ Kg7 36. Re6 Nf6 (36... Rf6 $2 37. R6e5 $18 {[%csl Rh5]}
) 37. a5 {and white is in total control. Still, this would have been the least
of the evils for black.}) 34. Rxe4 Ng6 35. Rxg4 {White has an extra pawn and a
winning position.} h5 36. Rg5 Rf5 (36... Kh6 37. f4 $18) (36... Rxf2 37. Bd3
R2f6 38. Re6 $18) 37. Rxg6+ Kxg6 38. Bd3 Kg5 39. f4+ Kg4 40. Kg2 {[%csl Rg4]
[%cal Gd3e2] Suddenly, black's king is in the mating net.} R5f7 41. Rh1 1-0

[Event "Moscow Aeroflot op-A"]
[Site "Moscow"]
[Date "2005.02.21"]
[Round "7"]
[White "Ponomariov, Ruslan"]
[Black "Yakovich, Yuri"]
[Result "1/2-1/2"]
[WhiteElo "2700"]
[BlackElo "2585"]
[PlyCount "99"]
[EventDate "2005.02.15"]
[EventType "swiss"]
[EventRounds "9"]
[EventCountry "RUS"]
[SourceTitle "CBM 106"]
[Source "ChessBase"]
[SourceDate "2005.06.06"]
[SourceVersion "1"]
[SourceVersionDate "2005.06.06"]
[SourceQuality "1"]

1. e4 c5 2. Nf3 Nc6 3. d4 cxd4 4. Nxd4 Nf6 5. Nc3 e5 6. Ndb5 d6 7. Bg5 a6 8.
Na3 b5 9. Nd5 Be7 10. Bxf6 Bxf6 11. c3 Bg5 12. Nc2 Rb8 13. Bd3 O-O 14. O-O Be6
15. a4 bxa4 16. Ndb4 Ne7 17. Bxa6 Bb3 18. Qd3 Qc7 19. Bb5 Qc5 20. Na3 Rbc8 21.
Ba6 Rc7 22. Qg3 h6 23. Bd3 Rcc8 24. Bc2 f5 25. Bxb3+ axb3 26. Qd3 fxe4 27. Qxe4
Rf4 28. Qe2 Rf5 29. Rad1 d5 30. g4 Rf4 31. Nd3 Qd6 32. Nxf4 Bxf4 33. c4 d4 34.
Rd3 Ng6 35. Rxb3 Bg5 36. Qe4 Nf4 37. Rb7 d3 38. Nb5 Qe6 39. Kh1 Rxc4 40. Rb8+
Rc8 41. Rxc8+ Qxc8 42. Nd6 Qxg4 43. Ra1 Be7 44. Nf5 Bf8 45. Rg1 Qh5 46. Ng3 Qf7
47. Qf5 Qd5+ 48. Ne4 d2 49. f3 Qd3 50. Nf6+ 1/2-1/2

[Event "Moscow Aeroflot op-A"]
[Site "Moscow"]
[Date "2005.02.22"]
[Round "8"]
[White "Kotronias, Vasilios"]
[Black "Ponomariov, Ruslan"]
[Result "0-1"]
[WhiteElo "2585"]
[BlackElo "2700"]
[PlyCount "82"]
[EventDate "2005.02.15"]
[EventType "swiss"]
[EventRounds "9"]
[EventCountry "RUS"]
[SourceTitle "CBM 106"]
[Source "ChessBase"]
[SourceDate "2005.06.06"]
[SourceVersion "1"]
[SourceVersionDate "2005.06.06"]
[SourceQuality "1"]

1. e4 e5 2. Nf3 Nc6 3. Bb5 Nf6 4. O-O Nxe4 5. d4 Nd6 6. Bxc6 dxc6 7. dxe5 Nf5
8. Qxd8+ Kxd8 9. Nc3 a5 10. Re1 h6 11. h3 Bd7 12. Bd2 Kc8 13. Rad1 c5 14. Bc1
Ne7 15. Ne2 g5 16. Nh2 Ng6 17. Ng4 Be6 18. a3 b5 19. Ng3 Kb7 20. Nh5 a4 21. f4
gxf4 22. Bxf4 b4 23. Ngf6 Kc6 24. Bc1 c4 25. axb4 Bxb4 26. c3 Bc5+ 27. Kh2 Rad8
28. Rxd8 Rxd8 29. Bxh6 Nxe5 30. Ra1 Kb5 31. Nf4 Bf5 32. N6d5 c6 33. Bg5 Rxd5
34. Nxd5 cxd5 35. Bf6 Nd3 36. Ra2 Be3 37. g4 Be4 38. Be7 d4 39. cxd4 Bxd4 40.
Ba3 Nb4 41. Ra1 Nc2 0-1

[Event "Sofia MTel Masters 1st"]
[Site "Sofia"]
[Date "2005.05.20"]
[Round "8"]
[White "Ponomariov, Ruslan"]
[Black "Anand, Viswanathan"]
[Result "1/2-1/2"]
[WhiteElo "2695"]
[BlackElo "2785"]
[Annotator "Stohl,I"]
[PlyCount "107"]
[EventDate "2005.05.12"]
[EventType "tourn"]
[EventRounds "10"]
[EventCountry "BUL"]
[EventCategory "20"]
[SourceTitle "CBM 107"]
[Source "ChessBase"]
[SourceDate "2005.08.01"]
[SourceVersion "1"]
[SourceVersionDate "2005.08.01"]
[SourceQuality "1"]

1. Nf3 Nf6 2. c4 b6 3. g3 c5 4. Bg2 Bb7 5. O-O e6 6. Nc3 Be7 7. Re1 Ne4 {
Black simplifies the position, in this line White doesn't have attacking
chances, as after the more complex} (7... d6 8. e4 a6 9. d4 cxd4 10. Nxd4 Qc7
11. Be3 O-O 12. Rc1 Nbd7 13. f4 $13 {|^>>}) 8. Nxe4 Bxe4 9. d3 Bb7 10. e4 {
White naturally wants to make use of his 7-th move, the immediate} (10. d4 cxd4
11. Qxd4 (11. Nxd4 Bxg2 12. Kxg2 Nc6 $11) 11... O-O $132 {makes it difficult
for him to put Black under pressure.}) 10... Nc6 {Black wants to solve his
problems by further exchanges. If he is not afraid of a typically cramped
position, he can play more in the spirit of the Hedgehog:} (10... O-O 11. d4
cxd4 12. Nxd4 d6 (12... a6 $5 13. Qg4 Re8 14. b3 d6 15. Bb2 Bf8 16. a4 Qc7 17.
Qe2 Nd7 18. Rec1 Rac8 19. Rc3 Qb8 20. Re3 g6 21. Qd1 Ba8 22. Re2 Nc5 23. b4 Nd7
$132 {Agrest,E-Ghaem Maghami,E/Calvia olm/2004/}) 13. a4 $5 {is an attempt to
emulate the Beliavsky-Lutz game (see below):} (13. b3 a6 14. Be3 Nd7 15. f4 Re8
16. Bf2 Qc7 17. Rc1 Bf6 18. Qd2 Rad8 19. g4 Nc5 (19... g6 $142 $5 $13) 20. b4
g6 21. Nc2 Nd7 22. g5 Bg7 23. Ne3 {Vallejo Pons,F-Adams,M/Linares/2002/} f5 $5
$13 {/+/=}) (13. Be3 Nd7 14. Rc1 a6 15. f4 Re8 16. Bf2 Qc7 17. b4 Rac8 18. Qb3
Qb8 19. f5 e5 20. Nc2 b5 21. Ne3 Bg5 22. cxb5 axb5 23. Rcd1 Nf6 24. Qd3 Red8
$132 {Psakhis,L-Adams,M/playchess.com/2004/}) 13... Nc6 (13... Nd7 $5) 14. Nxc6
Bxc6 15. b3 Qc7 16. Ba3 Rfd8 17. Ra2 a6 18. Bb4 $14 b5 $6 19. cxb5 axb5 20. a5
d5 21. Bxe7 Qxe7 22. exd5 Qd6 23. a6 Bxd5 24. Bxd5 Qxd5 25. Qxd5 Rxd5 26. Rc1
$16 {Chuchelov,V-Medvegy,Z/Bundesliga 0405/2005/}) 11. d4 cxd4 12. Nxd4 Nxd4 {
Consistent with Black's 10th move.} (12... O-O {allows White to play either}
13. Be3 {, or even keep the knights with} (13. Nb5 $5 $14)) 13. Qxd4 O-O 14. b3
{The text-move achieves precious little, so the question is - how to put Black
under some pressure?} ({The best chance to achieve this seems to be} 14. Rd1 $5
{White wants to force d6 and leave Black defending the ><d6 with the passive
Be7.} d6 ({Still untested, but interesting is} 14... Bc6 $5 15. Bf4 Bc5 $14 {
/\Qe7<=>}) 15. a4 $1 (15. Qe3 Qc7 16. b3 Qc5 17. Qe2 Bf6 18. Be3 Qc7 19. Bd4
Be7 20. Bb2 Rad8 21. Rd3 Bc6 22. Rad1 b5 $132 {Tukmakov,V-Gheorghiu,F/Crans
Montana/2000/}) 15... Qc7 16. Ra2 Bc6 ({more critical is} 16... f5 17. b3 Qc6
$132 {/+/=}) 17. b3 Rfd8 18. Ba3 Rd7 19. Rad2 Rad8 20. Qe3 Qb7 21. f4 h6 22. h4
a6 23. Bb4 Bf8 24. Kh2 $14 {()|^,Beliavsky,A-Lutz,C/Mitropa Cup Leipzig/2002/})
({Another try to play on the d-file is} 14. Bf4 Bc5 $142 $5 (14... d6 15. Qd3 (
15. Qd2 Qc8 16. b3 Rd8 17. Be3 Bc6 18. a4 Qb7 19. Bd4 a6 $6 20. b4 $1 e5 21.
Be3 $36 {Ehlvest,J-Lindberg,B/Stockholm/1998/}) 15... Qc7 16. Rad1 Rfd8 17. b3
Bc6 18. b4 e5 19. Bd2 Bd7 20. Rc1 Be6 21. Bf1 a6 22. Rb1 Rdb8 23. Rec1 Qd8 24.
a4 a5 25. bxa5 bxa5 26. Rb5 Bd7 27. Qd5 $5 $44 {|^,Rausis,I-Womacka,M/Gausdal/
2002/} Bxb5 28. cxb5 Bg5) 15. Qd3 Qe7 16. e5 (16. Be5 f5 17. exf5 Bxg2 18. Kxg2
Rxf5 19. f4 Rd8 20. Rad1 Rf7 21. a3 a5 22. a4 g5 23. h4 gxf4 24. Bxf4 Qf6 25.
b3 $13 {1/2,Beckhuis,G-Roeder,M/Muenster/1997/}) (16. Rad1 e5 $5 17. Be3 d6 $11
) 16... Bxg2 17. Kxg2 f6 18. Rad1 fxe5 19. Rxe5 d6 20. Re2 Qb7+ 21. Qe4 Qxe4+
22. Rxe4 Rf6 23. Be3 Bxe3 24. Rxe3 Rd8 25. Red3 e5 26. Rd5 Re6 27. c5 bxc5 28.
Rxc5 Rb8 29. Rc2 Rb5 $11 {Gurevich,M-Roeder,M/BL2W 9596/1996/}) 14... Bc5 $1 {
[%csl Gc5] Now Black doesn't hesitate to post his B actively.} 15. Qc3 (15. Qd2
Qe7 16. a3 a5 17. Bb2 Bc6 18. Qd3 f6 19. Re2 Rab8 20. a4 Rbd8 21. Rd1 Qf7 22.
Kh1 Qh5 23. f4 e5 24. f5 Qf7 25. h4 g5 26. g4 h6 27. Bf3 Kg7 28. Rh2 Rh8 29.
Kg2 Qe7 30. Rh3 Rh7 31. Kf1 Rdh8 32. Rh2 Kf8 33. Ke2 Qg7 34. h5 {Davies,
N-Schandorff,L/DEN-chB/1988/}) 15... Qe7 {Anand can afford to be patient.} (
15... f5 16. exf5 Bxg2 17. Kxg2 Rxf5 18. f4 Qf6 19. Bd2 d5 20. Rad1 (20. Qxf6
$142 Rxf6 21. Bc3 d4 22. Bb2 $14) 20... dxc4 21. Qxc4 Rd5 22. Bc3 Qf7 $11 {
Schlosser,P-Yermolinsky,A/Groningen op/1996/}) 16. Re2 $146 (16. a3 a5 17. Bb2
f6 (17... f5 $5 18. exf5 (18. e5 Bxg2 19. Kxg2 f4 20. f3 $13 {/=/+}) 18... Bxg2
19. Kxg2 Rxf5 $132) 18. Re2 Bc6 19. a4 Qf7 20. Ba3 Qh5 21. Rd2 Rf7 22. Bxc5
Qxc5 23. Rad1 Raf8 24. Qd4 Qxd4 25. Rxd4 Rb8 26. Rd6 Rb7 27. f4 Kf8 28. e5 Bxg2
29. Kxg2 fxe5 30. fxe5 Ke7 31. Rf1 Rxf1 32. Kxf1 Rb8 33. Ke2 Kd8 34. Rd4 Ke7
35. Ke3 Rc8 $11 {<=>,Vaganian,R-Yermolinsky,A/Tilburg/1993/}) 16... a5 17. a4 (
17. Bb2 f6 $11 {can transpose into the above game. Ponomariov puts his pawn on
a4 - if his rook leaves a1, Black can play a4 himself, while on a3 the pawn
would require extra protection (Vaganian went a4 on move 19 anyway). The
drawback is Black's outpost on c5 is now fully secure.} (17... f5 $5)) 17... f5
$5 {Anand chooses the active option.} 18. e5 (18. exf5 Bxg2 19. Kxg2 Rxf5 20.
f4 $11) 18... Bxg2 19. Kxg2 Rad8 20. Qf3 (20. Bb2 $6 f4) (20. h4 h6 $11) (20.
Bf4 d5 (20... g5 $5 $13) 21. exd6 Bxd6 $11 {/\} 22. Be5 Qb7+ 23. Kg1 Bc5 $5 {
[%cal Gd8d1] <->d}) 20... d6 21. exd6 Qxd6 22. Bg5 (22. Bf4 Qd3 $1 23. Rxe6
$140 Qxf3+ 24. Kxf3 Rd3+ $36) 22... Rd7 23. Rae1 (23. Rd2 Bd4 (23... Qxd2 $5
24. Bxd2 Rxd2 25. Rf1 Rfd8 $44) 24. Be3 e5 $11) 23... Qd3 $1 $11 {Again this
active sortie guarantees Black sufficient <=>.} 24. Qxd3 (24. Rxe6 Qxf3+ 25.
Kxf3 Rd3+ 26. Kg2 Rxb3 {leads to the same position.}) 24... Rxd3 25. Rxe6 Rxb3
26. Be7 Re8 $6 (26... Rc8 $5 27. Bxc5 Rxc5 $132) ({Although the text-move
draws in the long run, a safer way to achieve this result seems to be} 26...
Bxe7 27. Rxe7 Rf7 $1 28. Re8+ Rf8 29. Rxf8+ Kxf8 30. Re5 Rb4 (30... g6 31. c5
b5 $1 32. c6 bxa4 33. Rc5 Rb8 $11) 31. c5 bxc5 32. Rxf5+ Ke7 33. Rxc5 Rxa4 34.
Rc7+ $11) 27. Bxc5 Rxe6 28. Rxe6 bxc5 29. Re8+ $1 Kf7 30. Re5 $14 {White wins
a P and Black must still be on his toes.} Rb4 31. Rxf5+ Kg6 (31... Ke6 32. Rxc5
Rxa4 33. Rc7 $14) 32. Rxc5 Rxa4 33. Kf3 Ra2 34. h4 (34. Rc7 a4 35. Ra7 a3 36.
Ke3 Rc2 37. Kd4 a2 $132 (37... Rxf2 38. Rxa3 Rxh2 39. c5 $36)) 34... a4 35. Ra5
a3 36. Ke4 (36. Ke3 Rc2 37. Kd4 a2 38. f4 Kf6 $14 {is similar to the game.})
36... Re2+ 37. Kd4 (37. Kd3 $2 Rxf2 38. Rxa3 $140 $4 Rf3+ $19) 37... a2 38. f4
Kf6 39. g4 (39. c5 $5) 39... g6 40. c5 Rd2+ 41. Ke4 (41. Kc3 Rf2 $132) 41...
Re2+ 42. Kd3 Rh2 {[%csl Rf4,Rg4,Rh4] ׻P} 43. Ra6+ (43. c6 Ke7 44. f5 gxf5 45.
Ra7+ Kd6 46. c7 Kd7 47. gxf5 Rxh4 (47... Rh3+ 48. Kd4 Rxh4+ 49. Ke5 Rh2 $11)
48. Rxa2 Kxc7 $11) 43... Ke7 44. Ke4 ({The last chance was} 44. f5 {, although
even here Black should draw:} gxf5 (44... Rxh4 45. f6+ Kf7 46. g5 $5 $36 (46.
Rxa2 Kxf6 $11)) 45. gxf5 Rxh4 (45... Rh3+ 46. Ke4 Rxh4+ 47. Ke5 $36) 46. Rxa2
Rf4 47. Ra7+ Kd8 48. Rf7 h5 (48... Ke8 49. c6 $1) 49. c6 (49. Ke3 Rc4 $11)
49... h4 50. c7+ Kc8 51. Ke3 Rf1 52. Ke4 h3 53. Rh7 Rh1 (53... Re1+ $5) 54. Ke5
(54. Kf3 Rf1+ 55. Kg4 Rg1+ $1 56. Kf4 Rh1 57. Kg3 Rg1+ 58. Kh2 Rf1 59. Rf7 Rf3
60. f6 Kb7 $11) 54... h2 55. Kf6 Kb7 $11) 44... Rxh4 45. Rxa2 Rxg4 46. Ke5 Kd7
$11 47. Ra7+ Kc6 48. Rxh7 Kxc5 49. Rc7+ Kb4 50. Rc1 Kb5 {Although Black's K is
cut off, White can't concentrate his forces for an effective attack of Black's
last P. The following moves allows an immediate draw.} 51. Ke4 g5 52. Rf1 Rxf4+
53. Rxf4 gxf4 54. Kxf4 1/2-1/2

[Event "FIDE World Cup"]
[Site "Khanty-Mansiysk"]
[Date "2005.12.02"]
[Round "2.4"]
[White "Motylev, Alexander"]
[Black "Ponomariov, Ruslan"]
[Result "0-1"]
[WhiteElo "2632"]
[BlackElo "2704"]
[Annotator "Psakhis,L"]
[PlyCount "76"]
[EventDate "2005.11.27"]
[EventType "k.o."]
[EventRounds "7"]
[EventCountry "RUS"]
[SourceTitle "CBM 111"]
[Source "ChessBase"]
[SourceDate "2006.04.04"]
[SourceVersion "1"]
[SourceVersionDate "2006.04.04"]
[SourceQuality "1"]

1. e4 e6 2. d4 d5 3. e5 c5 4. c3 Nc6 5. Nf3 Qb6 6. a3 Nh6 7. b4 cxd4 8. cxd4
Nf5 9. Bb2 Bd7 10. g4 Nfe7 11. Nc3 Na5 12. Nd2 ({Quite often White has used
another plan :} 12. Qc2 {but I have the feeling that after the almost forced}
Nc4 13. Bxc4 dxc4 14. Nd2 Qc6 15. Nce4 {Black could have received good chances
without too many problems, for example:} Nc8 (15... c3 16. Nd6+ Kd8 ({It will
be interesting to check in future} 16... Qxd6 17. exd6 cxd2+ 18. Qxd2 Nd5 {
[%csl Gd5] with some compensation for the queen}) 17. Nxf7+ (17. Qxc3 Qxh1+ 18.
Ke2 Nd5 $5 19. Qg3 Qxa1 20. Bxa1 Bxd6 21. exd6 Rc8 $36) 17... Ke8 18. Nd6+ Kd8
19. Nf7+ Ke8 20. Nd6+ {1/2-1/2 Sveshnikov,E (2557)-Radjabov,T (2656)/Tallinn
Keres mem rap 2004/CBM 100/[Psakhis]}) (15... Nd5 16. Nxc4 Nb6 17. Ncd6+ Bxd6
18. Nxd6+ Ke7 19. Qxc6 Bxc6 20. Rg1 Nc8 21. d5 $5 (21. b5 Bd5 22. Rc1 Nxd6 23.
Rc7+ Kd8 24. exd6 Rc8 $44 {1/2-1/2 Sveshnikov,E (2561)-Potkin,V (2518)/RUS-ch
Krasnoyarsk 2003}) 21... Bxd5 22. Rc1 $36 {Black is stuck for passive defense
in the endgame.}) 16. Nxc4 b5 17. Ne3 Qxc2 18. Nxc2 Bc6 19. f3 Nb6 20. Ne3 Na4
21. O-O-O O-O-O 22. Rhf1 Be7 23. Kb1 Kb7 {0-1 Molander,R (2323)-Johannessen,L 
(2564)/Stockholm RC 2005/The Week in Chess 582 (42)}) 12... Rc8 13. Rc1 Ng6 {
[%mdl 4]} ({Worth considering and sharp:} 13... h5 $5 14. Rc2 Nc4 (14... Nac6
15. Na4 Qd8 16. Nc5) 15. Bxc4 dxc4 16. Nce4 Nd5 17. Nxc4 Rxc4 $5 18. Rxc4 a5
19. O-O (19. gxh5 axb4 20. a4 Qa6) 19... axb4 20. axb4 Qd8 $132 {1/2-1/2
Ivanchuk,V (2717)-Bareev,E (2707)/Dubai FIDE GP 2002/CBM 89/[Psakhis] (50)
with a crazy position.}) 14. Qe2 $146 {This new move can't change the
evaluation of the line as quite favorable for Black.} (14. h4 Be7 15. g5 (15.
h5 Nf4 16. Nf3 (16. Qf3 Bg5 17. Ne2 Rxc1+ 18. Nxc1 O-O $17 {1/2-1/2 Grischuk,
A-Kruppa,Y/RUS Cup Elista 2000/CBM 79/[Psakhis,L] (28)}) 16... Nc4 17. Qb3 O-O
18. Na4 Bxa4 {0-1 Degraeve,J (2606)-Komarov,D (2556)/Marseille 2000/ChessBase})
15... O-O ({Black didn't equalize after} 15... h6 16. gxh6 Rxh6 17. h5 Nh4 (
17... Nf8 18. Rc2 Nc4 19. Nxc4 dxc4 20. Bc1 Rh8 21. Qg4 a5 22. b5 Rh7 23. Bg2
f5 24. exf6 gxf6 25. h6 a4 {1/2-1/2 Thipsay,P-Barua,D/IND-ch Calicut 2003/80)})
18. Qg4 Nf5 19. Bd3 Bf8 (19... Nxd4 20. Qxg7 Bf8 21. Qg8 $36) 20. Ne2 Nc4 $6 (
20... Nc6 21. Nf3 Nce7 22. Rxc8+ Bxc8 23. Bc1 Rh8 $14) 21. Nxc4 dxc4 22. Bxf5
exf5 23. Qg2 $16 {1-0 Grischuk,A (2712)-Radjabov,T (2624)/Wijk aan Zee 2003 
(99)}) 16. Rg1 (16. Ne2 Rfd8 17. h5 Nf8 18. Rg1 Rxc1 19. Nxc1 Nc6 20. Rg4 Rc8
21. Ncb3 Nd8 22. Nc5 Bb5 23. Rg3 Bxf1 24. Kxf1 a5 25. Bc3 axb4 26. axb4 Ra8 27.
Kg2 Qb5 28. Nd3 Nc6 29. Qb1 Ra3 30. Bb2 {Shirov,A (2710)-Gurevich,M (2652)/WCC
Khanty Mansyisk 2005/ 0-1 (37)}) ({Interesting complications could have arisen
after} 16. h5 Nf4 17. h6 g6 {for example:} 18. Qf3 Qxd4 19. Nd1 (19. bxa5 Bxg5
$36) 19... Qxb2 $1 20. Nxb2 Rxc1+ 21. Nd1 Ba4 $1 22. Be2 (22. Qxf4 Bxd1 23. Ne4
Nb3 $19) 22... Nxe2 23. Kxe2 Nc6 $17) 16... Nxh4 {At least, a very brave move.}
17. Bd3 g6 (17... Ng6 18. Qg4 $13 {[%cal Gc3d5]}) 18. Qg4 Nf5 19. Bxf5 exf5 20.
Qh4 Rfe8 21. Nxd5 Rxc1+ 22. Bxc1 Qc6 {[%cal Rc6c1,Rc6d5]} 23. Nxe7+ $8 Rxe7
$132 {1/2-1/2 Potkin,V (2522)-Hug,W (2453)/EUR-ch Istanbul 2003/CBM 96/
[Psakhis] (28)}) (14. Bb5 Nc6 15. Nf3 Be7 16. h4 Ncxe5 17. dxe5 Bxb5 18. h5 Nf8
19. Nxb5 Rxc1 20. Qxc1 Qxb5 21. Qc8+ Bd8 $17 {0-1 Alekseev,E-Ivanov,S/St
Petersburg-ch 2001/ (35)}) 14... Be7 15. Qe3 O-O (15... Nh4 $5) (15... Nc4 $5
16. Bxc4 dxc4 17. O-O O-O 18. f4 $132 {[%cal Rf4f5]}) 16. h4 f6 (16... Nxh4 $6
17. g5 Nf5 18. Qh3 h6 19. gxh6 $40) (16... Bxh4 17. Bd3 Be7 18. g5 $5 Nc4 19.
Bxc4 dxc4 20. Nce4 $36 {[%cal Re3h3,Od2c4,Re4f6]}) 17. h5 Nh8 18. Rc2 (18. h6
$5 g6 {[%cal Gh8f7]}) 18... Nc6 19. Na4 Qd8 {White has big advantage in space,
but how to use it?} 20. exf6 (20. h6 $5 g6 21. b5 Na5 22. Rxc8 Bxc8 23. Bc3 Nf7
{and Black is doing fine.}) 20... Bxf6 21. Nc5 e5 $1 {Black exploits the
drawbacks of White's set-up very convincingly! Possibly, Motylev just missed
this move} ({but and after} 21... Nf7 {Black's position is solid as rock.}) 22.
Nxb7 $2 (22. dxe5 $142 Nxe5 $1 23. Nxb7 $140 (23. Bxe5 Bxe5 $40) 23... Rxc2 $1
24. Nxd8 Rxb2 {with numerous threats}) 22... exd4 $5 {Now Black obtains the
decisive advantage is all variations, but and} (22... Nxd4 $1 {could have been
a good alternative to the text, for example} 23. Rc3 (23. Bxd4 exd4 24. Nxd8
dxe3 25. Rxc8 exd2+ 26. Kxd2 Bxc8 $19) 23... Rxc3 24. Qxc3 (24. Nxd8 Rxe3+ 25.
fxe3 Nc2+) 24... Qb6 25. Nc5 Bxg4 $19) 23. Qf3 ({Maybe White had to try} 23.
Qb3 {and after} Qe7+ 24. Kd1 (24. Be2 d3 $5 25. Qxd5+ Nf7 26. Qxd3 Bxb2 27.
Rxb2 $140 Nxb4 $1 $19) 24... d3 (24... Bxg4+ $5 25. f3 Ne5) 25. Bxd3 Bxb2 26.
Qxd5+ Nf7 27. Rxb2 Bxg4+ 28. f3 Be6 {Black's advantage is obvious, but I
didn't found a forced win.}) 23... Qe7+ 24. Kd1 Ne5 (24... d3 $5 25. Bxd3 Bxb2
26. Qxd5+ Nf7 27. Rxb2 Be6 28. Bxh7+ $5 Kh8 29. Qg2 Qxb7 {and three white
pawns couldn't fully compensate the black knight and great attacking
possibilities.}) 25. Qxd5+ Be6 $19 (25... Nhf7 $5 26. Na5 Nxg4 $40) 26. Qd6 ({
Doesn't help and} 26. Qg2 Bxg4+ 27. Kc1 d3 $1 28. Rc5 Nc4 $1 $19) 26... Bxg4+
27. f3 Qxb7 $19 28. fxg4 Rxc2 29. Kxc2 Nhf7 30. Qe6 Qxh1 {The rest is simple.}
31. Bxd4 Qc6+ 32. Qxc6 Nxc6 33. Bc5 Rd8 34. Ne4 Bd4 35. Bc4 Bxc5 36. Nxc5 Rd4
37. Be6 Kf8 38. Kc3 Rd6 {A great game by Ruslan Ponomariov.} 0-1